000 00664nam a2200241Ia 4500
003 OSt
005 20220923214756.0
006 a|||||r|||| 00| 0
007 ta
008 220922b |||||||| |||| 00| 0 guj d
024 _a172,634
037 _cTextual
040 _aARTS
_cARTS
_bguj
041 _2guj
_aguj
082 _aO156,3N921,CA, 152J9
100 _aचतुरसेन
_9156280
245 0 _aचंड अशोक
246 _aChanḍa ashoka
260 _c1959
650 _aगुजराती साहित्य
942 _hO156,3N921,CA, 152J9
_cTEXL
_2CC
999 _c326642
_d326642